Proceedings of the Sixth International Conference on Maintenance and Rehabilitation of Pavement and Technological Control MAIREPAV6/ (Record no. 1535)

000 -LEADER
fixed length control field 00412 a2200109 4500
020 ## - INTERNATIONAL STANDARD BOOK NUMBER
International Standard Book Number 9788882020293
082 ## - DEWEY DECIMAL CLASSIFICATION NUMBER
Classification number 625.80288 PRO
100 ## - MAIN ENTRY--PERSONAL NAME
Personal name Santagata, Ezio
245 ## - TITLE STATEMENT
Title Proceedings of the Sixth International Conference on Maintenance and Rehabilitation of Pavement and Technological Control MAIREPAV6/
Statement of responsibility, etc. Edited by Ezio Santagata
260 ## - PUBLICATION, DISTRIBUTION, ETC.
Place of publication, distribution, etc. Italy :
Name of publisher, distributor, etc. USA :
Date of publication, distribution, etc. 2009
300 ## - PHYSICAL DESCRIPTION
Extent 613p.:
Other physical details ill. ;
Dimensions 26 cm
650 ## - SUBJECT ADDED ENTRY--TOPICAL TERM
Topical term or geographic name entry element Pavement -- Rehabilitation
Holdings
Withdrawn status Lost status Damaged status Not for loan Permanent Location Current Location Shelving location Date acquired Total Checkouts Full call number Barcode Date last seen Price effective from Koha item type
        School of Civil and Environmental Engineering (SCEE) School of Civil and Environmental Engineering (SCEE)       625.80288 PRO NIT-6620 01/05/2017 01/05/2017 Book
        School of Civil and Environmental Engineering (SCEE) School of Civil and Environmental Engineering (SCEE)         NIT-6621 01/05/2017 01/05/2017 Book
© 2023 Central Library, National University of Sciences and Technology. All Rights Reserved.